00257nam a2200109Ia 4500008004100000100001500041245003800056260001700094650001200111942000700123999001700130190216s9999||||xx |||||||||||||| ||und|| aGrover B L 0aNew Book On Modern Indian History bS Chand & Co aHistory cBK c19408d19408